Top 50 Albums of 2019 - Statistics

General Stats
  • This quiz has been taken 5 times
  • The average score is 3 of 50
Answer Stats
# Album Artist % Correct
1 IGOR Tyler, the Creator
67%
13 African Giant Burna Boy
33%
11 Baby on Baby DaBaby
33%
46 Hollywood's Bleeding Post Malone
33%
50 Jesus Is King Kanye West
33%
18 Norman F*cking Rockwell Lana Del Ray
33%
6 When We All Fall Asleep, Where Do We Go? Billie Eilish
33%
19 ZUU Denzel Curry
33%
34 AI YoungBoy II YoungBoy Never Broke Again
0%
35 Anger Management Rico Nasty / Kenny Beats
0%
27 Assume Form James Blake
0%
2 Bandana Freddie Gibbs / Madlib
0%
48 Brandon Banks Maxo Kream
0%
10 CrasH Talk Schoolboy Q
0%
42 Diaspora GoldLink
0%
14 Die for My B***h Baby Keem
0%
29 El Capo Jim Jones
0%
44 Eve Rapsody
0%
33 Father of the Bride Vampire Weekend
0%
24 Fever Megan Thee Stallion
0%
36 Flamagra Flying Lotus
0%
20 GREY Area Little Simz
0%
25 Heard It in a Past Life Maggie Rogers
0%
28 Hitler Wears Hermes 7 Westside Gunn
0%
49 Hot Pink Doja Cat
0%
5 Kirk DaBaby
0%
39 MAGDALENE FKA Twigs
0%
31 Netflix & Deal 03 Greedo / Kenny Beats
0%
38 Oasis J Balvin / Bad Bunny
0%
17 Outer Peace Toro Y Moi
0%
43 Over It Summer Walker
0%
8 Perfect Ten Mustard
0%
37 Pony Rex Orange County
0%
23 Port of Miami 2 Rick Ross
0%
12 Rap or Go to the League 2 Chainz
0%
21 Revenge of the Dreamers III Dreamville
0%
26 She Butter Baby Ari Lennox
0%
7 Sli'merre Young Nudy / Pi'erre Bourne
0%
4 So Much Fun Young Thug
0%
45 Songs for You Tinashe
0%
3 thank u, next Ariana Grande
0%
40 The Lost Boy YBN Cordae
0%
16 The Plugs I Met Benny the Butcher
0%
30 The WIZRD Future
0%
32 Ugh, Those Feels Again Snoh Aalegra
0%
9 uknowhatimsayin¿ Danny Brown
0%
47 Ventura Anderson .Paak
0%
41 We All Shine YMW Melly
0%
15 When I Get Home Solange
0%
22 WWCD Griselda
0%
No matching quizzes found
Score Distribution
Percent of People with Each Score
Percentile by Number Answered
Your Score History
You have not taken this quiz